Revue économique

Enregistré dans:
Détails bibliographiques
Format: Publication en série
Langue:français
Publié: Paris Fondation nationale des sciences politiques 1997
Sujets:
Tags: Ajouter un tag
Pas de tags, Soyez le premier à ajouter un tag!

MARC

LEADER 00000nas2a2200000 4500
001 s121829
005 20221221071505.8
022 |a 0033-2764 
041 0 |a fre 
044 |a FR 
245 1 0 |a Revue économique 
264 1 |a Paris  |b Fondation nationale des sciences politiques  |c 1997 
300 |a 1 zv. 
500 |a Chýba č. 5 
773 0 |w eu_un_cat*s120270 
610 2 0 |a rozvoj hospodársky 
610 2 0 |a ekonómia politická